000 00258nam a22001097a 4500
082 _a920/AGG
100 _aAggarwal.Dr.Sangeeta
_983288
245 _aSwami Shraddhanand Saraswati
260 _aDelhi
_bAcademic Books
_c2022
650 _aBiography
942 _cBK
999 _c68136
_d68136